| Tag |
First Indicator |
Second Indicator |
Subfields |
| LEADER |
00000cam a2200000 4500 |
| 001 |
in00000058426 |
| 005 |
20151007082252.0 |
| 008 |
790228s1967 xx 00000 eng |
| 010 |
|
|
|a sa 67004135
|
| 035 |
|
|
|a (OCoLC)04699202
|
| 035 |
|
|
|9 AAF7621AM
|
| 040 |
|
|
|a DLC
|c CLE
|d OCL
|d TXA
|d UtOrBLW
|
| 049 |
|
|
|a TXAM
|c [472069]
|
| 050 |
|
0 |
|a HB3639
|b .C529
|
| 092 |
|
|
|a 312.0954
|b C456i
|
| 100 |
1 |
|
|a Chandrasekhar, S.
|q (Sripati),
|d 1918-2001.
|
| 245 |
1 |
0 |
|a India's population ;
|b facts, problem and policy /
|c [by] S. Chandrasekhar.
|
| 264 |
|
1 |
|a Meerut :
|b Meenakshi Prakashan,
|c [1967]
|
| 300 |
|
|
|a 76 pages ;
|c 19 cm.
|
| 336 |
|
|
|a text
|b txt
|2 rdacontent
|
| 337 |
|
|
|a unmediated
|b n
|2 rdamedia
|
| 338 |
|
|
|a volume
|b nc
|2 rdacarrier
|
| 500 |
|
|
|a Lecture delivered at the Centre for Population Studies, Harvard Universtiy, Feb. 1966.
|
| 504 |
|
|
|a Bibliography: pages 74-75.
|
| 650 |
|
0 |
|a Birth control
|z India.
|
| 651 |
|
0 |
|a India
|x Population.
|
| 999 |
|
|
|a MARS
|
| 999 |
f |
f |
|s f0fdf900-cdb2-3135-b512-b03d4ee7fdb7
|i b4ff6b1e-3ea3-30ec-a202-3c318c4007d2
|t 0
|
| 952 |
f |
f |
|p ric
|a Texas A&M University
|b Rellis Campus
|c Joint Library Facility
|d Remote Storage
|t 0
|e HB3639 .C529
|h Library of Congress classification
|i unmediated -- volume
|m A14800655195
|
| 998 |
f |
f |
|a HB3639 .C529
|t 0
|l Remote Storage
|